000 00525nam a22001937a 4500
003 CEME
005 20210628205806.0
008 210115b xxu||||| |||| 00| 0 eng d
020 _a9783844302783
040 _c.
082 _a006.37 MUH
100 _aMuhammad almas anjum
_977043
245 _aFace recognition a challenge in biometrics
260 _aGERMANY
_bLAMBERT
_c2011
300 _aIX, 170P
650 _aIMAGE RESOLUTION ISSUES IN FACE RECOGNITION
_977044
700 _aYounus Javed
_977045
942 _cBK
_2ddc
999 _c582368
_d582368